Türkülerimiz ve hikayeleri / (Record no. 15539)

MARC details
000 -BAŞLIK
Sabit Uzunlukta Kontrol Alanı 00656nam a22002057a 4500
999 ## - SİSTEM KONTROL NUMARALARI (KOHA)
Koha Biblionumber 15539
Koha Biblioitemnumber 15539
003 - KONTROL NUMARASI IDENTIFIER
Denetim Alanı MIRAKIL
005 - SON İŞLEM TARİHİ VE ZAMANI
Denetim Alanı 20240301123211.0
008 - SABİT-BOY VERİ ELEMANLARI - GENEL BİLGİLER
Sabit Uzunlukta Kontrol Alanı 240301b tu ||||| |||| 00| 0 tur d
020 ## - ULUSLARARASI STANDART KİTAP NUMARASI
Uluslararası Standart Kitap Numarası 9786052452721
040 ## - KATALOGLAMA KAYNAK
Orijinal Kataloglama Ajansı TR-AnCHP
Metne Dönüştürmek Ajansı TR-AnCHP
041 ## - DİL KODU
Metin / Ses Parça Veya Ayrı Başlığın Dil Kodu tur
082 ## - DEWEY ONLU SINIFLANDIRMA NUMARASI
Sınıflandırma Numarası 781.629435
Ürün Numarası T96 2018
090 ## - SINIFLAMA NUMARASI
Sınıflama Numarası 781.629435 T96 2018
245 10 - BAŞLIK TABLOSU
Başlık Türkülerimiz ve hikayeleri /
Sorumluluk Tablosu, Vb derleyen Mehmet Zeki Fidandal
260 ## - YAYIN, DAĞITIM, VB
Yayın, Dağıtım, Vb Yeri Aydın :
Yayıncı, Dağıtıcı, Vs Adı Kuşadası Belediyesi,
Yayın, Dağıtım, Vb Tarihi 2018.
300 ## - FİZİKSEL TANIM
Kapsam 215 s. ;
Boyutlar 21 cm.
650 #0 - KONU KATMA GİRİŞ - TOPİKAL DÖNEM
9 (RLIN) 7640
Topikal Süreli Veya Coğrafi Ad Giriş Elemanı Türküler
Genel Alt Bölümü Hikaye
Coğrafi Alt Bölümü Türkiye
856 ## - ELEKTRONİK YER VE ERİŞİM
Kamu Notu Dijital Nüshası için Partimizin Kütüphane Sorumlusu ile iletişime geçiniz.
942 ## - EKLENDİ GİRİŞ ELEMANLARI (KOHA)
Sınıflandırma Veya Raf Düzeni Kaynak Dewey Decimal Classification
Koha Öğesi Türü Books
Holdings
Kalıcı Konum Mevcut Konum Edinme Tarihi Toplam Check-Out'Lar Tam Çağrı Numarası Barkod Tarih Son Görülme İtibaren Geçerli Fiyatlar Koha Öğesi Türü
CHP Kütüphanesi CHP Kütüphanesi 03/01/2024   781.629435 T96 2018 21415 03/01/2024 03/01/2024 Books